000 00532nam a22001817a 4500
005 20251108172200.0
008 250721s1987 xx 000 0 ara d
082 1 4 _aط/ق/رجا
100 1 _aعبد الله، رجاء
245 1 0 _aلغز المتهم البريء /
264 1 _aبيروت :
_bدار الجيل،
_c1987.
300 _a76ص : رسومات
490 0 _aمغامرات الجيل البوليسية ؛97
650 1 7 _aأدب الأطفال
650 1 7 _aالقصص
942 _2ddc
_cBK
999 _c72512
_d72512